Manorama yearbook 2010 (Record no. 42887)

MARC details
000 -LEADER
fixed length control field 00270nam a2200109Ia 4500
020 ## - INTERNATIONAL STANDARD BOOK NUMBER
ISBN 09752250
082 ## - DEWEY DECIMAL CLASSIFICATION NUMBER
Classification number 0582010
Item number MAN
245 #0 - TITLE STATEMENT
Title Manorama yearbook 2010
260 ## - PUBLICATION, DISTRIBUTION, ETC. (IMPRINT)
Place of publication Kottayam
Name of publisher Malayala Manorama
Year of publication 2010
942 ## - ADDED ENTRY ELEMENTS (KOHA)
Koha item type Books
Holdings
Withdrawn status Lost status Damaged status Not for loan Home library Current library Date acquired Cost, normal purchase price Full call number Accession Number Koha item type
        RRII Library RRII Library 16/12/2021 150.00 0582010 MAN 23151 Books